000 00572cam a22001933a 4500
001 43282
003 PGUSA
005 20140828084002.0
008 130722s2013||||xxu|||||s|||||000 | eng d
040 _aPGUSA
_beng
042 _adc
245 1 0 _aScientific American, Vol. XXXIX.—No. 6. [New Series.], August 10, 1878
_h[electronic resource] /
_cVarious
260 _bProject Gutenberg,
_c2013
506 _aPublic domain in the USA.
516 _aElectronic text
830 0 _aProject Gutenberg
_v43282
856 4 0 _uhttp://www.gutenberg.org/ebooks/43282
942 _cEB
999 _c272533
_d272533